000 02148nam a2200433 i 4500
001 196267
003 ES-MaACL
005 20250708181336.0
008 240823s2022 sp a | ||||o000 0dspa
015 _aMON23
017 _aGC 606-2022
_bOficina Depósito Legal Gran Canaria
020 _a9788479478193
035 _a(SpMaBN)a7258167
035 _a991048152129708606
040 _aSpMaBN
_bspa
_cSpMaBN
_erda
080 _a929 Saint-Saëns, Camille (083.824)
080 _a78 Saint-Saëns, Camille (083.824)
110 2 _9141596
_aCasa-Museo de Colón (Las Palmas de Gran Canaria)
245 0 0 _aCamille Saint-Saëns en Gran Canaria :
_bCasa de Colón, Las Palmas de Gran Canaria, 2022 /
_ccomisario, Dionisio Rodríguez Suárez ; textos, Marie-Gabrielle Soret, Stéphane Leteuré, Pierre Ickowicz, Dionisio Rodríguez.
264 1 _aLas Palmas de Gran Canaria :
_bInstituto Canario de Desarrollo Cultural S.A., Dirección General de Patrimonio Cultural, Viceconsejería de Cultura y Patrimonio Cultural del Gobierno de Canarias,
_c2022.
300 _a79 páginas :
_bilustraciones (blanco y negro y color) ;
_c24 cm.
336 _aTexto
_aImagen fija
_2rdacontent
337 _asin mediación
_2rdamedia
338 _avolumen
_2rdacarrier
500 _aExposición celebrada en la Casa de Colón, en las Palmas de Gran Canaria en 2022.
600 0 4 _aSaint-Saëns, Camille,
_d1835-1921
_9101553
655 7 _aCatálogos de exposiciones
_2tgfbne
_9193628
700 _aRodríguez Suárez, Dionisio
_9238599
_eorm
700 _aSoret, Marie-Gabrielle
_9238600
_eaut
700 _aLeteuré, Stéphane
_9238601
_eaut
700 _aIckowicz, Pierre
_9238602
_eaut
710 2 _aCasa-Museo de Colón (Las Palmas de Gran Canaria)
_9141596
_ehis
852 _aES-MaACL
_bR.154473
_cDEPOJ
_jN-9321
_hDonación: Editorial
_xEncuadernación rústica con solapas
_9205392
942 _cMONOGRAFIA
_n0
999 _c196267
_d196267